The control of oil

Guardado en:
Detalles Bibliográficos
Autor principal: john M. Blair
Formato: Libro
Lenguaje:Undetermined
Publicado: Florida Dow Jones & Company 1976
Etiquetas: Agregar Etiqueta
Sin Etiquetas, Sea el primero en etiquetar este registro!
Thư viện lưu trữ: Trung tâm Học liệu Trường Đại học Cần Thơ
LEADER 00330nam a2200121Ia 4500
001 CTU_85844
008 210402s9999 xx 000 0 und d
100 |a john M. Blair 
245 4 |a The control of oil 
260 |a Florida 
260 |b Dow Jones & Company 
260 |c 1976 
980 |a Trung tâm Học liệu Trường Đại học Cần Thơ